| 000 | 01001nam a22002897a 4500 | ||
|---|---|---|---|
| 999 |
_c931 _d931 |
||
| 003 | AR-CdUCM | ||
| 008 | 190225b ||||| |||| 00| 0 spa d | ||
| 040 |
_aMUNICIPALIDAD PROVINCIAL DEL CUSCO _cBIBLIOTECA MUNICIPAL DEL CUSCO |
||
| 082 |
_a372.5 / _bM61 |
||
| 100 |
_aMeyer, Roger _93588 |
||
| 245 | _aEducación por el arte / | ||
| 260 |
_aLima : _bInide, _c1982. |
||
| 300 |
_a231 paginas ; _b15 ilustraciones. _c21 cm, |
||
| 505 | _aArtes plásticas -- Música -- Arte dramático -- Orientaciones didácticas especificas -- Naturaleza del arte dramático ... | ||
| 650 |
_aEducación artística _93589 |
||
| 650 |
_aCurriculo _93590 |
||
| 650 |
_aMetodología _92264 |
||
| 650 |
_aIntroducción y estudio _93591 |
||
| 650 |
_aPlanes y programas _93592 |
||
| 700 |
_aMeyer, Roger _93593 |
||
| 700 |
_aSchlegel, Rolf _93594 |
||
| 700 |
_aFernandez, Hugo _93595 |
||
| 700 |
_aFalconi R.Emilia _93596 |
||
| 700 |
_aMoscoso C. Margarita _93597 |
||
| 942 |
_2ddc _cLIBROS |
||
| 945 |
_arum _d2019-02-25 |
||